000
00278nam a2200097Ia 4500
008
240331s9999 xx 000 0 und d
082
_b
DIS
100
_a
Dissanayaka, T.D.S.A.
245
0
_a
War or peace in Sri Lanka :
_b
an in-depth account of the current quest for peace
942
_c
L
999
_c
1394
_d
1394